Teaching resources for life and work lessons 1968-69 / (Record no. 6293)

MARC details
000 -LEADER
fixed length control field 00486nam a22001697a 4500
003 - CONTROL NUMBER IDENTIFIER
control field GBCCL
005 - DATE AND TIME OF LATEST TRANSACTION
control field 20241126110600.0
008 - FIXED-LENGTH DATA ELEMENTS--GENERAL INFORMATION
fixed length control field 180508b ||||| |||| 00| 0 eng d
040 ## - CATALOGING SOURCE
Transcribing agency gbc
082 ## - DEWEY DECIMAL CLASSIFICATION NUMBER
Classification number 268.6
Item number BUS
100 ## - MAIN ENTRY--PERSONAL NAME
Personal name Bush, Ellis M.
9 (RLIN) 11276
245 ## - TITLE STATEMENT
Title Teaching resources for life and work lessons 1968-69 /
Statement of responsibility, etc. Ellis M. Bush, et.al.
260 ## - PUBLICATION, DISTRIBUTION, ETC.
Place of publication, distribution, etc. Nashville:
Name of publisher, distributor, etc. Convention Press,
Date of publication, distribution, etc. 1968
300 ## - PHYSICAL DESCRIPTION
Extent 216 p.;
Dimensions 21 cm.
650 ## - SUBJECT ADDED ENTRY--TOPICAL TERM
Topical term or geographic name entry element Religious education
9 (RLIN) 6008
942 ## - ADDED ENTRY ELEMENTS (KOHA)
Source of classification or shelving scheme Dewey Decimal Classification
Koha item type Books
Koha issues (borrowed), all copies 1
Holdings
Withdrawn status Lost status Source of classification or shelving scheme Damaged status Not for loan Home library Current Library Shelving location Date acquired Total checkouts Full call number Barcode Date last seen Date last checked out Copy number Price effective from Koha item type
    Dewey Decimal Classification     GRACE BIBLE COLLEGE GRACE BIBLE COLLEGE Ministry & Mission 2018-05-08 1 268.6 BUS 007472 2025-05-01 2018-08-06 c.1 2018-05-08 Books
© Grace Bible College Library 2025